Study on growing of broiler chicken avian by using of dry watermelon leaf in concentrate feed at rua, សិក្សាលើការលូតលាស់របស់់មាន់ពូជ avian ដោយប្រើប្រាស់ស្លឹកឪឡឹកក្រៀមក្នុងចំណីផ្សំនៅ rua (Record no. 2226)
[ view plain ]
| 000 -LEADER | |
|---|---|
| fixed length control field | 00693nam a22001577a 4500 |
| 003 - CONTROL NUMBER IDENTIFIER | |
| control field | OSt |
| 005 - DATE AND TIME OF LATEST TRANSACTION | |
| control field | 20151008144321.0 |
| 008 - FIXED-LENGTH DATA ELEMENTS--GENERAL INFORMATION | |
| fixed length control field | 151008b xxu||||| |||| 00| 0 eng d |
| 040 ## - CATALOGING SOURCE | |
| Transcribing agency | RUA |
| 082 ## - DEWEY DECIMAL CLASSIFICATION NUMBER | |
| Classification number | AVM SAN 2008 B080 Or.1 |
| 100 ## - MAIN ENTRY--PERSONAL NAME | |
| 9 (RLIN) | 2364 |
| Personal name | SANN, SARAMY. |
| 245 ## - TITLE STATEMENT | |
| Title | Study on growing of broiler chicken avian by using of dry watermelon leaf in concentrate feed at rua, សិក្សាលើការលូតលាស់របស់់មាន់ពូជ avian ដោយប្រើប្រាស់ស្លឹកឪឡឹកក្រៀមក្នុងចំណីផ្សំនៅ rua |
| 260 ## - PUBLICATION, DISTRIBUTION, ETC. (IMPRINT) | |
| Place of publication, distribution, etc. | Phnom Penh |
| Name of publisher, distributor, etc. | RUA |
| Date of publication, distribution, etc. | 2008 |
| 300 ## - PHYSICAL DESCRIPTION | |
| Extent | ix; 42p. |
| Other physical details | ill. |
| Dimensions | 29cm. |
| 942 ## - ADDED ENTRY ELEMENTS (KOHA) | |
| Source of classification or shelving scheme | |
| Koha item type | AVM |
| Price effective from | Date last seen | Permanent Location | Not for loan | Date acquired | Source of classification or shelving scheme | Koha item type | Lost status | Withdrawn status | Date last checked out | Total Checkouts | Shelving location | Damaged status | Barcode | Current Location | Full call number |
|---|---|---|---|---|---|---|---|---|---|---|---|---|---|---|---|
| 2015-10-08 | 2015-10-08 | Library Block B | 2015-10-08 | AVM | B080 | RUA007767 | Library Block B | AVM SAN 2008 B080 Or.1 | |||||||
| 2015-10-08 | 2015-10-08 | Library Block B | 2015-10-08 | AVM | B080 | RUA007820 | Library Block B | AVM SAN 2008 B080 Or.2 | |||||||
| 2015-10-08 | 2015-10-08 | Library Block B | 2015-10-08 | AVM | B080 | RUA007967 | Library Block B | AVM SAN 2008 B080 Or.3 | |||||||
| 2015-10-09 | 2023-01-03 | Library Block B | 2015-10-09 | AVM | 2022-12-21 | 1 | B080 | RUA009352 | Library Block B | AVM SAN 2008 B080 Or.4 | |||||
| 2015-10-09 | 2015-10-09 | Library Block B | 2015-10-09 | AVM | B080 | RUA025117 | Library Block B | AVM SAN 2008 B080 Or.5 | |||||||
| 2015-10-09 | 2015-10-09 | Library Block B | 2015-10-09 | AVM | B080 | RUA025399 | Library Block B | AVM SAN 2008 B080 Or.6 | |||||||
| 2015-10-09 | 2015-10-09 | Library Block B | 2015-10-09 | AVM | B080 | RUA025042 | Library Block B | AVM SAN 2008 B080 Or.7 | |||||||
| 2015-10-09 | 2015-10-09 | Library Block B | 2015-10-09 | AVM | B080 | RUA025110 | Library Block B | AVM SAN 2008 B080 Or.8 | |||||||
| 2015-10-09 | 2015-10-09 | Library Block B | 2015-10-09 | AVM | B080 | RUA016713 | Library Block B | AVM SAN 2008 B080 Or.9 |